50 Największych miast w Polsce - Statystyki

Ogólne statystyki
  • Ten quiz został rozwiązany 182 razy
  • Średni wynik to 37 z 50
Statystyki odpowiedzi
nr ludność miasto % Poprawnych
1 1 862 000 Warszawa
100%
6 486 000 Gdańsk
98%
2 805 000 Kraków
98%
3 675 000 Wrocław
98%
8 330 000 Lublin
97%
4 655 000 Łódź
96%
5 540 000 Poznań
96%
12 245 000 Gdynia
95%
7 390 000 Szczecin
95%
11 280 000 Katowice
94%
10 293 000 Białystok
92%
14 198 000 Rzeszów
91%
9 328 000 Bydgoszcz
90%
18 184 000 Kielce
88%
24 140 000 Zielona Góra
88%
16 195 000 Toruń
87%
15 196 000 Radom
86%
13 208 000 Częstochowa
85%
29 116 000 Gorzów Wielkopolski
83%
27 127 000 Opole
83%
20 168 000 Olsztyn
82%
19 171 000 Gliwice
81%
17 189 000 Sosnowiec
78%
32 112 000 Płock
77%
22 155 000 Zabrze
77%
21 167 000 Bielsko-Biała
75%
23 149 000 Bytom
74%
36 101 500 Chorzów
72%
33 106 000 Koszalin
72%
34 104 000 Tarnów
69%
31 114 000 Elbląg
66%
28 123 000 Tychy
63%
25 132 000 Rybnik
62%
37 101 400 Wałbrzych
62%
30 115 000 Dąbrowa Górnicza
60%
39 93 000 Legnica
60%
50 69 000 Suwałki
60%
46 75 500 Jelenia Góra
59%
38 94 000 Kalisz
58%
40 90 000 Grudziądz
56%
44 81 000 Nowy Sącz
56%
35 102 000 Włocławek
56%
42 87 000 Słupsk
54%
48 71 000 Piła
52%
26 131 500 Ruda Śląska
52%
45 76 000 Siedlce
50%
41 88 000 Jaworzno
44%
43 83 000 Jastrzębie-Zdrój
39%
47 72 000 Mysłowice
35%
49 70 000 Ostrów Wielkopolski
33%
Nie znaleziono quizów pasujących do podanych kryteriów
Rozkład punktacji
Procent ludzi z każdym wynikiem
Percentyl według liczby udzielonych odpowiedzi
Twoja historia wyników
Nie rozwiązałeś tego quizu